Making a mint : comparative studies in Late Iron Age coin mould /
This book presents the first large-scale comparative study of Iron Age coin mould. The subject of Iron Age minting techniques is an important one that reveals a great deal about Iron Age political organisation and economy but which, until now, has remained largely unreported. In addition to examinin...
المؤلف الرئيسي:
التنسيق: كتاب الكتروني
اللغة: English
منشور في:
Oxford :
Archaeopress Archaeology,
2016.
الموضوعات:
الوصول للمادة أونلاين: Login to view Source
الوسوم: إضافة وسم
رقم الطلب: HG321
| LEADER | 02111nam a2200409 i 4500 | ||
|---|---|---|---|
| 001 | EDZ0002717395 | ||
| 003 | StDuBDS | ||
| 005 | 20230412181801.0 | ||
| 006 | m|||||o||d|||||||| | ||
| 007 | cr ||||||||||| | ||
| 008 | 220308s2016 enka fob 000|0|eng|d | ||
| 020 | |a 9781784914073 (ebook) : |c No price | ||
| 040 | |a StDuBDS |b eng |c StDuBDS |e rda |e pn | ||
| 050 | 4 | |a HG321 | |
| 082 | 0 | 4 | |a 332.4 |2 23 |
| 100 | 1 | |a Landon, Mark, |e author. | |
| 245 | 1 | 0 | |a Making a mint : |b comparative studies in Late Iron Age coin mould / |c Mark Landon. |
| 264 | 1 | |a Oxford : |b Archaeopress Archaeology, |c 2016. | |
| 300 | |a 1 online resource (xii, 199 pages) : |b illustrations (black and white, and colour) | ||
| 336 | |a text |2 rdacontent | ||
| 336 | |a still image |2 rdacontent | ||
| 337 | |a computer |2 rdamedia | ||
| 338 | |a online resource |2 rdacarrier | ||
| 500 | |a Also issued in print: 2016. | ||
| 504 | |a Includes bibliographical references. | ||
| 520 | 8 | |a This book presents the first large-scale comparative study of Iron Age coin mould. The subject of Iron Age minting techniques is an important one that reveals a great deal about Iron Age political organisation and economy but which, until now, has remained largely unreported. In addition to examining in detail approximately 20% of all the coin mould ever found, the book also addresses the lack of an agreed reporting protocol, the main and considerable obstacle to progress in this field. In addition to the detailed interpretation of all mould studied the volume also serves as a field guide to best practice in dealing with new material and finds. | |
| 521 | |a Specialized. | ||
| 588 | |a Description based on print version record. | ||
| 650 | 0 | |a Mints |x History |y To 1500. | |
| 650 | 0 | |a Coins, Ancient. | |
| 650 | 0 | |a Iron age. | |
| 650 | 0 | |a Excavations (Archaeology) | |
| 776 | 0 | 8 | |i Print version : |z 9781784914080 |
| 856 | 4 | 0 | |3 Archaeopress |u http://library.arce.org:8087/Archaeopress/Products/9781784914080 |
| 942 | |2 lcc |c EBOOK | ||
| 952 | |0 0 |1 0 |4 0 |6 HG0321 |7 1 |9 46184 |a ARCH |b ARCH |d 2023-04-12 |l 0 |o HG321 |r 2023-04-12 00:00:00 |w 2023-04-12 |y EBOOK | ||
| 999 | |c 51842 |d 51842 | ||
